Indian economy (Record no. 8539)

MARC details
000 -LEADER
fixed length control field 00547cam a2200229ua 4500
001 - CONTROL NUMBER
control field 9504
005 - DATE AND TIME OF LATEST TRANSACTION
control field 20260515114455.0
008 - FIXED-LENGTH DATA ELEMENTS--GENERAL INFORMATION
fixed length control field 151121n ii |||gr||||Z||||||eng
020 ## - INTERNATIONAL STANDARD BOOK NUMBER
International Standard Book Number 8121920450
040 ## - CATALOGING SOURCE
Transcribing agency MAIN
041 ## - LANGUAGE CODE
Language code of text/sound track or separate title eng
082 ## - DEWEY DECIMAL CLASSIFICATION NUMBER
Classification number 330.954
100 ## - MAIN ENTRY--PERSONAL NAME
Personal name Datt, Ruddar,
Relator term Author.
245 ## - TITLE STATEMENT
Title Indian economy
Statement of responsibility, etc. by Ruddar Datt
250 ## - EDITION STATEMENT
Edition statement 53rd rev. ed.
260 ## - PUBLICATION, DISTRIBUTION, ETC.
Place of publication, distribution, etc. New Delhi:
Name of publisher, distributor, etc. S chand,
Date of publication, distribution, etc. 2006.
300 ## - PHYSICAL DESCRIPTION
Extent viii, 997p.
653 ## - INDEX TERM--UNCONTROLLED
Uncontrolled term Economics
653 ## - INDEX TERM--UNCONTROLLED
Uncontrolled term Indian economy
700 ## - ADDED ENTRY--PERSONAL NAME
Personal name Sundharam, KPM,
Relator term Author.
942 ## - ADDED ENTRY ELEMENTS (KOHA)
Koha item type Books
Holdings
Withdrawn status Lost status Damaged status Not for loan Home library Current library Shelving location Date acquired Total checkouts Full call number Barcode Date last seen Date last checked out Copy number Price effective from Koha item type
        Naharkatiya College Library Naharkatiya College Library General stacks 09/19/2020 1 330.954 | DAT 16266 12/28/2021 12/07/2021 1 09/19/2020 Books